[Event "DEM U18 2010"]
[Site "Oberhof GER"]
[Date "2010.05.29"]
[Round "9"]
[White "Kartsev, Alexandr"]
[Black "Jussupow, Alexander"]
[Result "1/2-1/2"]
[Termination "normal"]
[Board "10"]
[WhiteElo "2082"]
[BlackElo "2112"]
[PlyCount "84"]
[WhiteFideId "24647110"]
[BlackFideId "24613509"]
[EventCountry "GER"]
[EventRounds "9"]
[EventType "swiss"]
[EventDate "2010.05.22"]

1. d4 d5 2. c4 e6 3. Nc3 Nf6 4. cxd5 exd5 5. Bg5 Be7 6. e3 Nbd7 7. Bd3 O-O 8.
Nge2 Re8 9. O-O c6 10. Qc2 Nf8 11. f3 Be6 12. Rad1 Rc8 13. e4 dxe4 14. fxe4 Ng4
15. Bf4 Ng6 16. Bc1 Bg5 17. Rf3 Bxc1 18. Qxc1 c5 19. Bb5 Qc7 20. Rg3 cxd4 21.
Rxd4 Red8 22. Qd1 a6 23. Nd5 Qc5 24. Ba4 Bxd5 25. exd5 N6e5 26. h3 Nh6 27. Rc3
Qb6 28. Kh1 Qxb2 29. Rxc8 Rxc8 30. Bb3 Nf5 31. Rd2 Qa3 32. d6 Rd8 33. Qf1 Nxd6
34. Qf4 Nc6 35. Ng3 h6 36. Ne4 Nxe4 37. Qxf7+ Kh7 38. Qf5+ Kh8 39. Rxd8+ Nxd8
40. Qxe4 Qc1+ 41. Kh2 Qc7+ 42. Kh1 Qc1+ 1/2-1/2

[Event "DEM U18 2010"]
[Site "Oberhof GER"]
[Date "2010.05.29"]
[Round "9"]
[White "Steinacker, Alex"]
[Black "Tkachuk, Konstantyn"]
[Result "0-1"]
[Termination "normal"]
[Board "11"]
[WhiteElo "1879"]
[BlackElo "2176"]
[PlyCount "86"]
[WhiteFideId "24647195"]
[BlackFideId "24647330"]
[EventCountry "GER"]
[EventRounds "9"]
[EventType "swiss"]
[EventDate "2010.05.22"]

1. c4 Nf6 2. Nc3 g6 3. g3 Bg7 4. Bg2 O-O 5. e3 d6 6. Nge2 c6 7. O-O e5 8. d4
Nbd7 9. b3 Qc7 10. Bb2 Nh5 11. Ba3 Re8 12. dxe5 dxe5 13. Bd6 Qd8 14. c5 f5 15.
b4 e4 16. Qb3+ Kh8 17. Nd4 Qf6 18. b5 b6 19. Na4 bxc5 20. Bxc5 cxb5 21. Qxb5
Rb8 22. Qc4 Ba6 23. Qd5 Nxc5 24. Nxc5 Bxf1 25. Rxf1 Qe5 26. Qxe5 Bxe5 27. Ndb3
Nf6 28. Rc1 Rec8 29. Bf1 Bb2 30. Rd1 Rd8 31. Rb1 Ba3 32. Ne6 Rd6 33. Nf4 Kg7
34. Kg2 h6 35. Nh3 a5 36. Nf4 a4 37. Nd2 Rxb1 38. Nxb1 Bb4 39. Ne2 a3 40. Nd4
Ng4 41. Nc2 Rd1 42. Nbxa3 Bxa3 43. Nxa3 Rd2 0-1

[Event "DEM U18 2010"]
[Site "Oberhof GER"]
[Date "2010.05.29"]
[Round "9"]
[White "Schneider, Jens"]
[Black "Grünter, Martin"]
[Result "0-1"]
[Termination "normal"]
[Board "12"]
[WhiteElo "1980"]
[BlackElo "2185"]
[PlyCount "46"]
[WhiteFideId "24685771"]
[BlackFideId "24640352"]
[EventCountry "GER"]
[EventRounds "9"]
[EventType "swiss"]
[EventDate "2010.05.22"]

1. Nc3 c5 2. Nf3 d6 3. d4 cxd4 4. Nxd4 Nf6 5. g3 Nc6 6. Bg2 Bd7 7. Bg5 e6 8.
Bxf6 Qxf6 9. Ndb5 O-O-O 10. Nxd6+ Kb8 11. Nde4 Qg6 12. Qc1 f5 13. Ng5 Be7 14.
Nf3 Bf6 15. Qe3 Bc8 16. Rd1 e5 17. h4 f4 18. gxf4 Qxg2 19. Rg1 Qh3 20. fxe5 Nb4
21. Rd2 Be7 22. Rxg7 Rdg8 23. Rxg8 Rxg8 0-1

[Event "DEM U18 2010"]
[Site "Oberhof GER"]
[Date "2010.05.29"]
[Round "9"]
[White "Schiffner, Kevin"]
[Black "Strunski, Andreas"]
[Result "0-1"]
[Termination "normal"]
[Board "13"]
[BlackTitle "FM"]
[WhiteElo "1959"]
[BlackElo "2378"]
[PlyCount "82"]
[WhiteFideId "24674940"]
[BlackFideId "24606073"]
[EventCountry "GER"]
[EventRounds "9"]
[EventType "swiss"]
[EventDate "2010.05.22"]

1. d4 Nf6 2. c4 g6 3. Nc3 Bg7 4. e4 d6 5. f3 O-O 6. Be3 c5 7. Nge2 Nc6 8. d5
Ne5 9. Ng3 e6 10. Be2 exd5 11. cxd5 a6 12. a4 h5 13. O-O Nh7 14. Qe1 h4 15. Nh1
f5 16. Qd2 Qf6 17. f4 Nf7 18. Nf2 Bd7 19. Nd3 fxe4 20. Nxe4 Qe7 21. Bf3 Rae8
22. Rfe1 Qd8 23. Ndf2 Bc8 24. Rac1 b6 25. b4 a5 26. bxa5 bxa5 27. Rb1 Nh6 28.
Rb5 Nf5 29. Rxa5 Nxe3 30. Rxe3 Nf6 31. Ra8 Nxe4 32. Rxe4 Bd4 33. Kh1 Qb6 34.
Rxe8 Rxe8 35. h3 Qb7 36. Ra5 Qb1+ 37. Nd1 Qd3 38. Qxd3 Re1+ 39. Kh2 Bg1+ 40.
Kh1 Bf2+ 41. Kh2 Bg3# 0-1

[Event "DEM U18 2010"]
[Site "Oberhof GER"]
[Date "2010.05.29"]
[Round "9"]
[White "Marx, Joschka"]
[Black "Bart, Simon"]
[Result "1-0"]
[Termination "normal"]
[Board "14"]
[WhiteElo "2029"]
[BlackElo "1979"]
[PlyCount "105"]
[WhiteFideId "24645869"]
[BlackFideId "24637327"]
[EventCountry "GER"]
[EventRounds "9"]
[EventType "swiss"]
[EventDate "2010.05.22"]

1. e4 c5 2. Nc3 d6 3. f4 Nc6 4. Nf3 g6 5. Bc4 Bg7 6. O-O e6 7. f5 Nf6 8. fxe6
fxe6 9. d3 Qe7 10. Bf4 Bd7 11. e5 dxe5 12. Nxe5 Nxe5 13. Bxe5 O-O-O 14. Qe2
Rhf8 15. Rae1 Rde8 16. Nb5 Bxb5 17. Bxb5 Rd8 18. Bc4 Nh5 19. Bxg7 Rxf1+ 20.
Rxf1 Nxg7 21. Re1 Re8 22. Qe5 Qc7 23. Qg5 Qe7 24. Qg4 a6 25. a4 Qf6 26. c3 Rf8
27. Qe2 Re8 28. Rf1 Qe7 29. Qe5 Nf5 30. Re1 Ng7 31. d4 cxd4 32. Qxd4 e5 33. Qe4
Nf5 34. Qd5 Qd7 35. Qc5+ Qc6 36. Qxc6+ bxc6 37. Bxa6+ Kc7 38. Bd3 Nd6 39. b4
Kb6 40. a5+ Kc7 41. c4 Rb8 42. Rb1 Kb7 43. b5 e4 44. Be2 Ka7 45. b6+ Ka6 46.
c5+ Nb5 47. Bxb5+ cxb5 48. c6 Re8 49. c7 e3 50. Kf1 Kb7 51. Rxb5 Ra8 52. Rc5
Rc8 53. Rd5 1-0